Limity pre výdavky na reklamu zrušené

S účinnosťou od 1. januára 2004 zákon o dani z príjmov zrušil obmedzenia na výdavky vynaložené na reklamu spoločnosti. Priama a ostatná reklama sa už nerozlišuje. Reklama a DPH. Reklama a účtovníctvo.

Salvato in:
Dettagli Bibliografici
Autore principale: Čierna, Dagmar
Natura: Capitolo di libro
Lingua:slovacco
Soggetti:
Tags: Aggiungi Tag
Nessun Tag, puoi essere il primo ad aggiungerne!!

MARC

LEADER 00000naa$a2200000$$$4500
001 0011656
005 20231009074521.6
041 0 |a slo 
044 |a SK 
245 1 0 |a Limity pre výdavky na reklamu zrušené  |c aut. Dagmar Čierna 
520 |a S účinnosťou od 1. januára 2004 zákon o dani z príjmov zrušil obmedzenia na výdavky vynaložené na reklamu spoločnosti. Priama a ostatná reklama sa už nerozlišuje. Reklama a DPH. Reklama a účtovníctvo. 
610 2 0 |a reklama 
610 2 0 |a výdavky 
610 2 0 |a limity 
610 2 0 |a zákony 
610 2 0 |a produkt domáci hrubý 
610 2 0 |a účtovníctvo 
100 1 |a Čierna, Dagmar